| 000 | 00676 a2200217 4500 | ||
|---|---|---|---|
| 020 | _a047139100X | ||
| 040 | _aDLC | ||
| 082 | 0 | 0 | _a004.6 |
| 100 | 1 | _aFitzGerald, Jerry. | |
| 245 | 1 | 0 |
_aBusiness data communications and networking _cJerry FitzGerald, Alan Dennis. |
| 250 | _a7th ed. | ||
| 260 |
_aNew York : _bJohn Wiley, _cc2002. |
||
| 300 |
_axiv, 457 p. : _bill. ; _c24 cm. |
||
| 500 | _aIncludes index. | ||
| 650 | 0 | _aData transmission systems. | |
| 650 | 0 | _aComputer networks. | |
| 650 | 0 |
_aOffice practice _xAutomation. |
|
| 700 | 1 | _aDennis, Alan. | |
| 856 | 4 |
_3Table of Contents _uhttp://www.loc.gov/catdir/toc/onix07/2001033013.html |
|
| 942 |
_cBK _k004.6 FIT _2ddc |
||
| 999 |
_c5413 _d5413 |
||